000
00267nam a2200109Ia 4500
008
230907s9999||||xx |||||||||||||| ||und||
082
_a
621.811
_b
STA
100
_a
Stanisic, Michael.
_9
14737
245
0
_a
Mechanisms and machines :
300
_a
pages cm
942
_c
BK
999
_c
600827
_d
600827